Investigaciones sobre la Contradicción

保存先:
書誌詳細
第一著者: Piaget, Jean
フォーマット: 図書
言語:Undetermined
出版事項: Madrid, España Siglo XXI de España Editores 1978
主題:
タグ: タグ追加
タグなし, このレコードへの初めてのタグを付けませんか!

MARC

LEADER 00000nam a2200000Ia 4500
008 170316s9999 xx 000 0 und d
090 |a 100 P-23in 
100 |a Piaget, Jean 
245 |a Investigaciones sobre la Contradicción 
260 |a Madrid, España 
260 |b Siglo XXI de España Editores 
260 |c 1978 
300 |a 345 páginas 
650 |a FILOSOFÍA 
650 |a SOCIAL 
999 |c 17271  |d 17271 
040 |a cru BVZT 
942 |c 15 D  |h 100 P-23in  |2 z